000 00513nam a2200193 a 4500
005 20240924071123.0
008 021106s2001 mx r 000 0 spa d
020 _a8420442895
035 _aUPN01000120800
049 _aCG
050 4 _aPQ6623 A8.5
_bA8
100 1 _aMarías Franco, Javier,
_d1951-
_929128
245 1 0 _aA veces un caballero /
_cJavier Marías.
260 _aEspaña :
_bAlfaguara,
_c2001.
300 _a398 p.
650 4 _aLiteratura española
_95069
902 _aMCM/cav
905 _aLibro
999 _c93134
_d93134